[Event "Managua Ramirez de Arellano Memorial"]
[Site "Managua"]
[Date "2019.07.21"]
[Round "5"]
[White "Ruiz Treminio, Bismark"]
[Black "Medrano Barrera, Jenny Ariadna"]
[Result "0-1"]
[WhiteElo "1139"]
[BlackElo "1129"]
[PlyCount "86"]
[EventDate "2019.07.13"]
[EventType "swiss"]
[EventRounds "9"]
[EventCountry "NCA"]
[SourceTitle "EXT 2020"]
[Source "ChessBase"]
[SourceDate "2019.10.17"]
[SourceVersion "1"]
[SourceVersionDate "2019.10.17"]
[SourceQuality "1"]

1. e4 c6 2. Nf3 d5 3. e5 g6 4. d4 Bg7 5. Bd2 e6 6. Bd3 Nd7 7. Bg5 f6 8. exf6 Ngxf6 9. Qe2 Nb6 10. b3 0-0 11. 0-0 Qc7 12. Bf4 Qxf4 13. Ne5 Nbd7 14. g3 Qh6 15. f4 Nxe5 16. fxe5 Nd7 17. Nd2 Nxe5 18. Rxf8+ Bxf8 19. dxe5 Bc5+ 20. Kg2 Bd7 21. Rf1 Rf8 22. Rxf8+ Qxf8 23. Qf3 Qxf3+ 24. Nxf3 Bb6 25. b4 c5 26. a3 cxb4 27. axb4 d4 28. Nd2 Bc6+ 29. Kh3 Kf7 30. Kg4 Bc7 31. Nc4 b5 32. Nd6+ Bxd6 33. exd6 Kf6 34. Kf4 e5+ 35. Kg4 Bd7+ 36. Kh4 Ke6 37. Kg5 Kxd6 38. Kh6 Bf5 39. Bxf5 gxf5 40. Kg5 Ke6 41. g4 h6+ 42. Kh4 fxg4 43. Kxg4 Kd5 0-1

[Event "NCA-ch (Women)"]
[Site "Managua"]
[Date "2018.04.08"]
[Round "2"]
[White "Medrano Barrera, Jenny Ariadna"]
[Black "Alvarez Gutierrez, Patricia"]
[Result "0-1"]
[WhiteElo "1147"]
[BlackElo "1599"]
[PlyCount "62"]
[EventDate "2018.04.07"]
[EventType "tourn"]
[EventRounds "9"]
[EventCountry "NCA"]
[SourceTitle "EXT 2019"]
[Source "ChessBase"]
[SourceDate "2018.10.10"]
[SourceVersion "1"]
[SourceVersionDate "2018.10.10"]
[SourceQuality "1"]

1. d4 d5 2. c4 c6 3. Nc3 Nf6 4. Bg5 Nbd7 5. Nf3 e6 6. a3 Be7 7. e3 h6 8. Bh4 b6 9. Bd3 Bb7 10. Qc2 Rc8 11. 0-0 c5 12. Bxf6 Bxf6 13. Ne2 cxd4 14. exd4 dxc4 15. Be4 Bxe4 16. Qxe4 0-0 17. Rfd1 Re8 18. Rac1 b5 19. Ng3 Nb6 20. Ne5 Qd5 21. Re1 Red8 22. Rcd1 a6 23. Nh5 Bxe5 24. Qxe5 Qxe5 25. dxe5 Nd5 26. h3 Rc7 27. Nf4 Rcd7 28. Re4 Nxf4 29. Rxd7 Nxh3+ 30. gxh3 Rxd7 31. f4 Rd2 0-1

[Event "NCA-ch (Women) sf"]
[Site "Managua"]
[Date "2018.03.18"]
[Round "9"]
[White "Medrano Barrera, Jenny Ariadna"]
[Black "Alvarez Gutierrez, Patricia"]
[Result "0-1"]
[WhiteElo "1181"]
[BlackElo "1353"]
[PlyCount "54"]
[EventDate "2018.03.03"]
[EventType "swiss"]
[EventRounds "9"]
[EventCountry "NCA"]
[SourceTitle "EXT 2019"]
[Source "ChessBase"]
[SourceDate "2018.10.10"]
[SourceVersion "1"]
[SourceVersionDate "2018.10.10"]
[SourceQuality "1"]

1. d4 e6 2. e4 d5 3. Nc3 Bb4 4. Bd2 dxe4 5. a3 Be7 6. Nge2 Nf6 7. Bf4 a6 8. Qd2 Nc6 9. 0-0-0 Nd5 10. Nxe4 Nxf4 11. Qxf4 f5 12. N4c3 Bg5 13. g3 Bxf4+ 14. gxf4 Ne7 15. Bg2 Nd5 16. Nxd5 exd5 17. Nc3 c6 18. Rde1+ Kf7 19. Re5 Re8 20. Rhe1 Rxe5 21. Rxe5 Qb6 22. Bxd5+ cxd5 23. Rxd5 Be6 24. Rc5 Rc8 25. Nd5 Qd6 26. Rxc8 Bxc8 27. c4 Be6 0-1